El misterio del cementario viejo

Bibliographic Details
Main Author: Casalderrey, Fina
Format: Section = Libro
Language:Undetermined
Spanish
Published: Madrid Ediciones SM 2004
Edition:5a.ed.
Subjects:
LEADER 00534nam a2200205Ia 4500
008 240829s9999 xx 000 0 und d
020 |a 84-348-7289-7 
040 |a BIBLIOTECA-RUSB/ 863.44 C334 
041 |a spa 
082 |a 863.44 C334 
100 1 |a Casalderrey, Fina 
245 1 0 |a El misterio del cementario viejo 
250 |a 5a.ed. 
260 |a Madrid  |b Ediciones SM  |c 2004 
300 |a 143 p. 
650 7 |a CUENTOS ESPAÑOLES-SIGLO XX 
650 7 |b  LITERATURA ESPAÑOLA-SIGLO XX 
942 |c BK  |2 ddc 
991 |a TEXTO 
999 |c 5509